Postacie z serialu Chłopaki z Baraków po zdjęciach - Statystyki

Ogólne statystyki
  • Ten quiz został rozwiązany 23 razy
  • Średni wynik to 12 z 21
Statystyki odpowiedzi
Obrazkowy Odpowiedź % Poprawnych
Bubbles
95%
Julian
90%
Randy
80%
Ricky
80%
Jim Lahey
75%
Trevor
75%
J-Roc
70%
Cory
65%
Barbara Lahey
60%
Cyrus
60%
Lucy
55%
Sam Losco
55%
Trinity
55%
Jacob
45%
Ray
45%
Phil Collins
40%
Sarah
40%
George Green
35%
Ted Johnson
25%
Tyrone
25%
DVS
10%
Nie znaleziono quizów pasujących do podanych kryteriów
Rozkład punktacji
Procent ludzi z każdym wynikiem
Percentyl według liczby udzielonych odpowiedzi
Twoja historia wyników
Nie rozwiązałeś tego quizu